[Event "Titled Tuesday intern op 28th Apr"]
[Site "Chess.com INT"]
[Date "2020.04.28"]
[Round "3"]
[White "Florescu, Codrut Constantin"]
[Black "Shuvatkin, Vladimir N"]
[Result "1-0"]
[WhiteElo "2293"]
[BlackElo "2237"]
[PlyCount "67"]
[EventDate "2020.04.28"]
[EventType "swiss (blitz)"]
[EventRounds "10"]
[EventCountry "USA"]
[SourceTitle "EXT 2021"]
[Source "ChessBase"]
[SourceDate "2020.10.23"]
[SourceVersion "1"]
[SourceVersionDate "2020.10.23"]
[SourceQuality "1"]

1. d4 Nf6 2. c4 g6 3. Nc3 d5 4. cxd5 Nxd5 5. Bd2 Bg7 6. e4 Nxc3 7. Bxc3 0-0 8. Nf3 Bg4 9. Be2 Nd7 10. 0-0 c5 11. d5 Bxc3 12. bxc3 Bxf3 13. Bxf3 Qa5 14. Qc2 b5 15. Rfe1 Ne5 16. Be2 c4 17. f4 Qb6+ 18. Kh1 Nd7 19. Bf3 Rab8 20. e5 Nc5 21. Be4 Rfd8 22. Rad1 a5 23. f5 Nxe4 24. Qxe4 Qf2 25. Rf1 Qb6 26. e6 Qd6 27. exf7+ Kxf7 28. fxg6+ Kg7 29. Rf7+ Kg8 30. Rxh7 Rf8 31. Rxe7 Qf6 32. h3 b4 33. d6 Rb5 34. Qxc4+ 1-0

[Event "Titled Tuesday intern op 28th Apr"]
[Site "Chess.com INT"]
[Date "2020.04.28"]
[Round "5"]
[White "Larina, Marija"]
[Black "Shuvatkin, Vladimir N"]
[Result "0-1"]
[WhiteElo "1948"]
[BlackElo "2237"]
[PlyCount "84"]
[EventDate "2020.04.28"]
[EventType "swiss (blitz)"]
[EventRounds "10"]
[EventCountry "USA"]
[SourceTitle "EXT 2021"]
[Source "ChessBase"]
[SourceDate "2020.10.23"]
[SourceVersion "1"]
[SourceVersionDate "2020.10.23"]
[SourceQuality "1"]

1. e4 e6 2. d4 d5 3. Nc3 dxe4 4. Nxe4 Bd7 5. Nf3 Bc6 6. Ng3 Nd7 7. Be2 Ngf6 8. 0-0 Be7 9. c4 0-0 10. Bf4 b6 11. Qd2 Bb7 12. Rfd1 Qc8 13. Rac1 c5 14. dxc5 Nxc5 15. Ne5 Rd8 16. Qe3 a5 17. a3 a4 18. Bf3 Nb3 19. Rxd8+ Bxd8 20. Rd1 Bxf3 21. Qxf3 Be7 22. Nh5 Nxh5 23. Qxh5 g6 24. Qf3 Qe8 25. Bh6 Rd8 26. Rxd8 Bxd8 27. Ng4 Qe7 28. Qc3 f6 29. h3 Nc5 30. Be3 e5 31. Nh6+ Kg7 32. Ng4 Qd6 33. Qc2 h5 34. Nh2 Qd3 35. Qc1 Nb3 36. Qe1 Qxc4 37. Nf3 Nc5 38. Bxc5 Qxc5 39. Qd1 Be7 40. Qxa4 Qc1+ 41. Kh2 Qf4+ 42. Kg1 Qxa4 0-1

[Event "Titled Tuesday intern op 28th Apr"]
[Site "Chess.com INT"]
[Date "2020.04.28"]
[Round "1"]
[White "Manu David, Suthandram R"]
[Black "Shuvatkin, Vladimir N"]
[Result "1-0"]
[WhiteElo "2360"]
[BlackElo "2237"]
[PlyCount "53"]
[EventDate "2020.04.28"]
[EventType "swiss (blitz)"]
[EventRounds "10"]
[EventCountry "USA"]
[SourceTitle "EXT 2021"]
[Source "ChessBase"]
[SourceDate "2020.10.23"]
[SourceVersion "1"]
[SourceVersionDate "2020.10.23"]
[SourceQuality "1"]

1. e4 e6 2. Nf3 d5 3. Nc3 dxe4 4. Nxe4 c5 5. Bb5+ Bd7 6. Qe2 a6 7. Bxd7+ Qxd7 8. 0-0 Nc6 9. Rd1 Be7 10. d4 cxd4 11. c3 Nf6 12. Nxd4 Nxd4 13. Rxd4 Qc6 14. Bg5 Nxe4 15. Bxe7 Nxc3 16. bxc3 Kxe7 17. Qg4 Rhd8 18. Qg5+ Ke8 19. Qxg7 Rxd4 20. cxd4 Rd8 21. Qxh7 Qc3 22. Qg8+ Ke7 23. Qg5+ Ke8 24. Rc1 Rxd4 25. h4 Qd2 26. Rc8+ Rd8 27. Qxd2 1-0

[Event "Titled Tuesday intern op 28th Apr"]
[Site "Chess.com INT"]
[Date "2020.04.28"]
[Round "4"]
[White "Shuvatkin, Vladimir N"]
[Black "Golubenko, Valentina"]
[Result "0-1"]
[WhiteElo "2237"]
[BlackElo "2209"]
[PlyCount "56"]
[EventDate "2020.04.28"]
[EventType "swiss (blitz)"]
[EventRounds "10"]
[EventCountry "USA"]
[SourceTitle "EXT 2021"]
[Source "ChessBase"]
[SourceDate "2020.10.23"]
[SourceVersion "1"]
[SourceVersionDate "2020.10.23"]
[SourceQuality "1"]

1. d4 Nf6 2. Nf3 e6 3. g3 c5 4. Bg2 cxd4 5. Nxd4 Nc6 6. c4 Bb4+ 7. Nc3 0-0 8. 0-0 a6 9. e3 d5 10. cxd5 exd5 11. Nce2 Bg4 12. Qb3 Rb8 13. a3 Bc5 14. Bd2 Ne4 15. Bxe4 dxe4 16. Bc3 Nxd4 17. Nxd4 Bxd4 18. Bxd4 Bf3 19. h3 Qg5 20. Kh2 Rfe8 21. Qb6 Re6 22. Qc7 Rbe8 23. Qf4 Qb5 24. Rac1 Rh6 25. Rfe1 Qh5 26. Qh4 Qf5 27. Rc5 Qxc5 28. Qxh6 Qxd4 0-1

[Event "Titled Tuesday intern op 28th Apr"]
[Site "Chess.com INT"]
[Date "2020.04.28"]
[Round "2"]
[White "Shuvatkin, Vladimir N"]
[Black "Rathnakaran, Kantholi"]
[Result "1/2-1/2"]
[WhiteElo "2237"]
[BlackElo "2314"]
[PlyCount "152"]
[EventDate "2020.04.28"]
[EventType "swiss (blitz)"]
[EventRounds "10"]
[EventCountry "USA"]
[SourceTitle "EXT 2021"]
[Source "ChessBase"]
[SourceDate "2020.10.23"]
[SourceVersion "1"]
[SourceVersionDate "2020.10.23"]
[SourceQuality "1"]

1. d4 Nf6 2. Nf3 g6 3. g3 Bg7 4. Bg2 0-0 5. 0-0 d6 6. c4 Nbd7 7. b3 e5 8. Bb2 e4 9. Ng5 Re8 10. e3 h6 11. Nh3 Nf8 12. Nf4 Bg4 13. Qc2 g5 14. Ne2 Bf3 15. Nec3 Qd7 16. Nd2 g4 17. d5 N8h7 18. Rfe1 Ng5 19. Bf1 Qf5 20. Nb5 Re7 21. Nd4 Qg6 22. N2xf3 Nxf3+ 23. Nxf3 gxf3 24. Red1 b6 25. b4 Rae8 26. Rac1 Qh5 27. Bxf6 Bxf6 28. c5 bxc5 29. bxc5 Re5 30. cxd6 cxd6 31. Qc6 Rd8 32. Qb7 Kg7 33. Qxa7 Rxd5 34. Qc7 Rxd1 35. Rxd1 Qe5 36. a4 d5 37. Qxe5 Bxe5 38. a5 Bb8 39. a6 Ba7 40. Rb1 Rb8 41. Rxb8 Bxb8 42. Bb5 Kf6 43. Bc6 Ke6 44. Bb7 Kd6 45. h4 f5 46. Bc8 Ke5 47. Bd7 Ba7 48. Kf1 d4 49. exd4+ Bxd4 50. Bc8 f4 51. gxf4+ Kxf4 52. Bd7 Ba7 53. Bc8 e3 54. fxe3+ Kxe3 55. Bd7 Kf4 56. Be8 Kg4 57. h5 Kg3 58. Bf7 Kf4 59. Be8 Kf5 60. Bf7 f2 61. Be8 Ke6 62. Bg6 Ke7 63. Kg2 Kd6 64. Kf1 Kc7 65. Bd3 Kc6 66. Be2 Kb6 67. Kg2 Kc7 68. Kf1 Kd6 69. Kg2 Ke5 70. Kf1 Kf4 71. Bb5 Ke3 72. Be8 Kd2 73. Bf7 Bb6 74. Be8 Ba7 75. Bf7 Bb6 76. Be8 Ba7 1/2-1/2

[Event "Titled Tuesday intern op 21st April"]
[Site "Chess.com INT"]
[Date "2020.04.21"]
[Round "1"]
[White "Ardelean, George Catalin"]
[Black "Shuvatkin, Vladimir N"]
[Result "1-0"]
[WhiteElo "2488"]
[BlackElo "2237"]
[PlyCount "117"]
[EventDate "2020.04.21"]
[EventType "swiss (blitz)"]
[EventRounds "10"]
[EventCountry "USA"]
[SourceTitle "EXT 2021"]
[Source "ChessBase"]
[SourceDate "2020.10.23"]
[SourceVersion "1"]
[SourceVersionDate "2020.10.23"]
[SourceQuality "1"]

1. d4 Nf6 2. Bf4 g6 3. Nc3 d5 4. e3 Bg7 5. h4 h5 6. Nf3 0-0 7. Be2 b6 8. Ne5 c5 9. g4 Nxg4 10. Nxg4 Bxg4 11. Bxg4 hxg4 12. Qxg4 cxd4 13. exd4 Qd7 14. Qxd7 Nxd7 15. Nxd5 Bxd4 16. Nxe7+ Kg7 17. 0-0-0 Be5 18. Bxe5+ Nxe5 19. h5 Rfe8 20. h6+ Kh8 21. Nd5 Ng4 22. Rd2 Rad8 23. f3 Ne5 24. Rh3 Nc4 25. Rd1 Re5 26. Nc3 Rxd1+ 27. Nxd1 Re1 28. f4 Rf1 29. b3 Nb2 30. Kxb2 Rxd1 31. f5 gxf5 32. Rf3 Rd5 33. c4 Re5 34. Kc3 Kh7 35. Rh3 f4 36. Kd4 Ra5 37. Rh2 f3 38. Ke3 Rf5 39. b4 a5 40. a3 axb4 41. axb4 Rg5 42. Kxf3 f5 43. c5 bxc5 44. bxc5 Rg6 45. Rc2 Rc6 46. Kf4 Kxh6 47. Kxf5 Kg7 48. Ke5 Kf7 49. Kd5 Rc8 50. Re2 Rd8+ 51. Kc6 Rc8+ 52. Kd6 Rd8+ 53. Kc7 Rd5 54. c6 Rd1 55. Kc8 Rc1 56. c7 Rb1 57. Re4 Rd1 58. Rb4 Rc1 59. Kb7 1-0

[Event "Titled Tuesday intern op 21st April"]
[Site "Chess.com INT"]
[Date "2020.04.21"]
[Round "7"]
[White "Chen, Ryo"]
[Black "Shuvatkin, Vladimir N"]
[Result "0-1"]
[WhiteElo "2085"]
[BlackElo "2237"]
[PlyCount "114"]
[EventDate "2020.04.21"]
[EventType "swiss (blitz)"]
[EventRounds "10"]
[EventCountry "USA"]
[SourceTitle "EXT 2021"]
[Source "ChessBase"]
[SourceDate "2020.10.23"]
[SourceVersion "1"]
[SourceVersionDate "2020.10.23"]
[SourceQuality "1"]

1. e4 e6 2. d4 d5 3. Nd2 dxe4 4. Nxe4 Bd7 5. Nf3 Bc6 6. Bd3 Nd7 7. 0-0 Ngf6 8. Ned2 Be7 9. Nc4 0-0 10. Nce5 Nxe5 11. Nxe5 Qd5 12. Nxc6 Qxc6 13. Qe2 Qd6 14. c3 c5 15. dxc5 Qxc5 16. Be3 Qc6 17. Bd4 Rfd8 18. Rad1 a6 19. Bb1 Ne8 20. Be4 Qc7 21. Qe3 Bf6 22. Bb6 Rxd1 23. Bxc7 Rxf1+ 24. Kxf1 Nxc7 25. Bxb7 Rb8 26. Qa7 Rd8 27. Be4 Be5 28. g3 g5 29. Ke2 h6 30. Qb6 Kg7 31. Bd3 Ra8 32. Qc5 Kf6 33. Be4 Rb8 34. b4 Nb5 35. Bd3 Nxc3+ 36. Kf3 Nxa2 37. Bxa6 Nxb4 38. Bc4 Nc2 39. Kg2 Nd4 40. Bd3 Rb2 41. Kf1 Nb3 42. Qc8 Bd4 43. Qd8+ Kg7 44. Be2 e5 45. Qd7 Nd2+ 46. Kg2 Ne4 47. Kf1 Nxf2 48. Qf5 Ra2 49. Bc4 Ra1+ 50. Kg2 Ra7 51. h4 gxh4 52. gxh4 Rc7 53. Bd5 Ra7 54. Bc4 Re7 55. Bd5 Rc7 56. Bb3 Re7 57. Bc4 Nd1 0-1

[Event "Titled Tuesday intern op 21st April"]
[Site "Chess.com INT"]
[Date "2020.04.21"]
[Round "6"]
[White "Shuvatkin, Vladimir N"]
[Black "Bodnaruk, Anastasia"]
[Result "0-1"]
[WhiteElo "2237"]
[BlackElo "2411"]
[PlyCount "124"]
[EventDate "2020.04.21"]
[EventType "swiss (blitz)"]
[EventRounds "10"]
[EventCountry "USA"]
[SourceTitle "EXT 2021"]
[Source "ChessBase"]
[SourceDate "2020.10.23"]
[SourceVersion "1"]
[SourceVersionDate "2020.10.23"]
[SourceQuality "1"]

1. d4 Nf6 2. Nf3 g6 3. g3 Bg7 4. Bg2 0-0 5. 0-0 d6 6. c4 Nc6 7. Nc3 a6 8. b3 Rb8 9. Bb2 b5 10. cxb5 axb5 11. Rc1 b4 12. Na4 Na7 13. Re1 Bb7 14. Qd2 e6 15. Qd3 Be4 16. Qc4 Rb7 17. Nd2 Bxg2 18. Kxg2 Nd7 19. e4 Nb5 20. Nf3 Qb8 21. Red1 Rc8 22. Qc6 Nf6 23. e5 Nd5 24. exd6 Nxd6 25. Ne5 Qa8 26. Nc5 Ra7 27. Qxa8 Rcxa8 28. Na4 Rxa4 29. bxa4 Rxa4 30. Nc4 Nxc4 31. Rxc4 Rxa2 32. Rb1 f5 33. Rc6 Kf7 34. Kf3 Bf8 35. Bc1 Bd6 36. Bf4 Bxf4 37. gxf4 Ra3+ 38. Kg2 Nxf4+ 39. Kf1 Nd5 40. Re1 b3 41. Rb1 Ke7 42. Rc5 Kd7 43. Rb5 Nc3 44. R1xb3 Nxb5 45. Rxb5 Rd3 46. Rb4 Kd6 47. Ke2 Rh3 48. Ra4 Rxh2 49. Ra6+ Kd7 50. Ra4 g5 51. Kf3 h5 52. Kg3 Rh1 53. Ra8 Rd1 54. Rg8 g4 55. Rh8 Rxd4 56. Rxh5 c5 57. Kg2 c4 58. Rh7+ Kd6 59. Rh8 Rd5 60. Kf1 c3 61. Ke2 c2 62. Rc8 Rc5 0-1

[Event "Titled Tuesday intern op 21st April"]
[Site "Chess.com INT"]
[Date "2020.04.21"]
[Round "3"]
[White "Shuvatkin, Vladimir N"]
[Black "Ongut, Tamas Gunes"]
[Result "1-0"]
[WhiteElo "2237"]
[BlackElo "2305"]
[PlyCount "107"]
[EventDate "2020.04.21"]
[EventType "swiss (blitz)"]
[EventRounds "10"]
[EventCountry "USA"]
[SourceTitle "EXT 2021"]
[Source "ChessBase"]
[SourceDate "2020.10.23"]
[SourceVersion "1"]
[SourceVersionDate "2020.10.23"]
[SourceQuality "1"]

1. d4 Nf6 2. Nf3 g6 3. g3 Bg7 4. Bg2 0-0 5. 0-0 d6 6. c4 Nc6 7. Nc3 e5 8. Bg5 h6 9. Bxf6 Bxf6 10. dxe5 Nxe5 11. Nxe5 Bxe5 12. Qc2 c6 13. Rfd1 Qc7 14. Rac1 f5 15. e3 Be6 16. Ne2 Bg7 17. b3 Rad8 18. Rd2 g5 19. Rcd1 Rd7 20. Nd4 Re7 21. Nxe6 Rxe6 22. Rd3 Be5 23. Qe2 f4 24. exf4 gxf4 25. Qg4+ Kf7 26. Qh5+ Ke7 27. Qh4+ Rff6 28. Bh3 Qa5 29. Bxe6 Kxe6 30. Qg4+ Ke7 31. Qe2 Re6 32. Qg4 Rf6 33. Qg7+ Rf7 34. Qxh6 fxg3 35. hxg3 Qxa2 36. R1d2 Qb1+ 37. Kg2 Qe1 38. Qg5+ Kd7 39. Qg4+ Kc7 40. Re2 Qb1 41. Qe4 Rf8 42. c5 Rh8 43. Re1 Qb2 44. Rf3 Rd8 45. Rf7+ Kb8 46. cxd6 Bxd6 47. Re3 a5 48. Qh7 Bc5 49. Rxb7+ Ka8 50. Rd7 Rxd7 51. Re8+ Ka7 52. Qxd7+ Ka6 53. Qxc6+ Bb6 54. Ra8# 1-0

[Event "Volga Region-ch 12th"]
[Site "Togliatti"]
[Date "2014.03.20"]
[Round "7"]
[White "Faizrakhmanov, Ramil"]
[Black "Shuvatkin, Vladimir N"]
[Result "1-0"]
[WhiteElo "2325"]
[BlackElo "2232"]
[PlyCount "81"]
[EventDate "2014.03.14"]
[EventType "swiss"]
[EventRounds "9"]
[EventCountry "RUS"]
[SourceTitle "CBM 159 Extra"]
[Source "ChessBase"]
[SourceDate "2014.04.24"]
[SourceVersion "1"]
[SourceVersionDate "2014.04.24"]
[SourceQuality "1"]

1. d4 Nf6 2. c4 e6 3. Nc3 d5 4. Nf3 Be7 5. Bg5 0-0 6. e3 b6 7. Qc2 Bb7 8. Bxf6 Bxf6 9. cxd5 exd5 10. Bd3 g6 11. 0-0 Nd7 12. Rac1 Be7 13. Qe2 Re8 14. Ba6 Qc8 15. Bxb7 Qxb7 16. Rfd1 Rac8 17. h3 c6 18. Rc2 Bd6 19. Ne1 f5 20. Nd3 Nf6 21. f4 Ne4 22. Ne5 Bxe5 23. dxe5 Nxc3 24. Rxc3 Kf7 25. g4 Qd7 26. Kh2 Red8 27. Qf3 Qe6 28. Rcd3 Ke7 29. b4 a6 30. a4 a5 31. gxf5 Qxf5 32. b5 cxb5 33. axb5 Rc2+ 34. Kg3 g5 35. Rxd5 gxf4+ 36. Kh4 h6 37. Rg1 Rc4 38. e4 Qxe4 39. Rg7+ Kf8 40. Rxd8+ Kxg7 41. Qg4+ 1-0

[Event "Volga Region-ch 12th"]
[Site "Togliatti"]
[Date "2014.03.15"]
[Round "2"]
[White "Shukh, Nikolai"]
[Black "Shuvatkin, Vladimir N"]
[Result "1-0"]
[WhiteElo "2425"]
[BlackElo "2232"]
[PlyCount "59"]
[EventDate "2014.03.14"]
[EventType "swiss"]
[EventRounds "9"]
[EventCountry "RUS"]
[SourceTitle "CBM 159 Extra"]
[Source "ChessBase"]
[SourceDate "2014.04.24"]
[SourceVersion "1"]
[SourceVersionDate "2014.04.24"]
[SourceQuality "1"]

1. d4 Nf6 2. c4 e6 3. g3 d5 4. Bg2 Be7 5. Nf3 0-0 6. Qc2 c6 7. 0-0 Nbd7 8. Nbd2 Re8 9. e4 dxe4 10. Nxe4 Nxe4 11. Qxe4 Nf6 12. Qe2 Bd6 13. b3 Qe7 14. Bb2 Bd7 15. Ne5 Rad8 16. Rad1 Bc8 17. Rd3 Nd7 18. f4 Nf6 19. g4 Nd7 20. Rh3 f5 21. Kh1 Nf6 22. g5 Bxe5 23. Qxe5 Nd7 24. Qa5 a6 25. d5 cxd5 26. cxd5 e5 27. fxe5 Qxg5 28. Rg3 Qh6 29. e6 Nf6 30. Rxf5 1-0

[Event "Tatarstan-ch op"]
[Site "Kazan"]
[Date "2012.09.09"]
[Round "7"]
[White "Shuvatkin, Vladimir N"]
[Black "Ayupov, Damir"]
[Result "1/2-1/2"]
[WhiteElo "2243"]
[BlackElo "2362"]
[PlyCount "80"]
[EventDate "2012.09.03"]
[EventType "swiss"]
[EventRounds "9"]
[EventCountry "RUS"]
[SourceTitle "CBM 150 Extra"]
[Source "ChessBase"]
[SourceDate "2012.10.19"]
[SourceVersion "1"]
[SourceVersionDate "2012.10.19"]
[SourceQuality "1"]

1. d4 e6 2. c4 f5 3. g3 Nf6 4. Bg2 d5 5. Nf3 c6 6. 0-0 Bd6 7. b3 Qe7 8. a4 a5 9. Ba3 Bxa3 10. Nxa3 0-0 11. Ne5 b6 12. Qc2 Bb7 13. Rfc1 Na6 14. cxd5 cxd5 15. Nb5 Rfc8 16. Qd2 Nb4 17. Rxc8+ Rxc8 18. Rc1 Qd8 19. e3 Ba6 20. Bf1 Ne4 21. Qb2 g5 22. f3 Nf6 23. Rc3 Kg7 24. Qc1 Ne8 25. Nc6 Rxc6 26. Rxc6 Nxc6 27. Qxc6 Bxb5 28. Bxb5 Nd6 29. Bd3 h5 30. Kg2 Kf6 31. e4 dxe4 32. fxe4 Nxe4 33. Bxe4 fxe4 34. Qxe4 Qd5 35. Qxd5 exd5 36. Kf3 Kf5 37. h3 g4+ 38. hxg4+ hxg4+ 39. Ke3 Kg5 40. Kd3 Kf5 1/2-1/2

[Event "Tatarstan-ch op"]
[Site "Kazan"]
[Date "2012.09.07"]
[Round "5"]
[White "Shuvatkin, Vladimir N"]
[Black "Murtazin, Bulat"]
[Result "1/2-1/2"]
[WhiteElo "2243"]
[BlackElo "2012"]
[PlyCount "79"]
[EventDate "2012.09.03"]
[EventType "swiss"]
[EventRounds "9"]
[EventCountry "RUS"]
[SourceTitle "CBM 150 Extra"]
[Source "ChessBase"]
[SourceDate "2012.10.19"]
[SourceVersion "1"]
[SourceVersionDate "2012.10.19"]
[SourceQuality "1"]

1. d4 Nf6 2. c4 e6 3. Nf3 b6 4. a3 d5 5. cxd5 exd5 6. Bg5 Be7 7. Qc2 0-0 8. e3 c5 9. Be2 Ne4 10. Bxe7 Qxe7 11. 0-0 Bf5 12. Qa4 Nd7 13. Nc3 Ndf6 14. Nxe4 Nxe4 15. dxc5 bxc5 16. Rfd1 Rfd8 17. Nd2 Rab8 18. Nxe4 Bxe4 19. b4 Qg5 20. g3 cxb4 21. axb4 Rb6 22. f4 Qf5 23. Qxa7 Rxb4 24. Qe7 Rbb8 25. Ra7 Rf8 26. g4 Qg6 27. Ra6 Rb6 28. Rxb6 Qxb6 29. Kf2 h6 30. Qe5 Ra8 31. Qd4 Qb3 32. Rd2 Qb7 33. Bf3 Qe7 34. Kg3 Bxf3 35. Kxf3 Qh4 36. Qxd5 Qh3+ 37. Kf2 Ra3 38. Re2 Qxg4 39. Qf3 Qh4+ 40. Qg3 1/2-1/2

[Event "Tatarstan-ch op"]
[Site "Kazan"]
[Date "2012.09.06"]
[Round "4"]
[White "Faizrakhmanov, Ilmir"]
[Black "Shuvatkin, Vladimir N"]
[Result "1/2-1/2"]
[WhiteElo "1990"]
[BlackElo "2243"]
[PlyCount "65"]
[EventDate "2012.09.03"]
[EventType "swiss"]
[EventRounds "9"]
[EventCountry "RUS"]
[SourceTitle "CBM 150 Extra"]
[Source "ChessBase"]
[SourceDate "2012.10.19"]
[SourceVersion "1"]
[SourceVersionDate "2012.10.19"]
[SourceQuality "1"]

1. Nf3 Nf6 2. g3 d5 3. d4 e6 4. Bg2 c5 5. 0-0 Nc6 6. b3 cxd4 7. Nxd4 Bc5 8. Nxc6 bxc6 9. Bb2 0-0 10. Nd2 Bb7 11. e4 a5 12. Qf3 a4 13. h4 Bb4 14. Qd1 Ba6 15. Re1 a3 16. Bxf6 Qxf6 17. Bf1 Qc3 18. Nf3 dxe4 19. Re3 Qf6 20. Bxa6 Rfd8 21. Qf1 Rxa6 22. Rxe4 Rb6 23. Rd1 Rd5 24. Rf4 Qc3 25. Ng5 Qxc2 26. Rxd5 cxd5 27. Nxf7 Bd2 28. Rf3 Qe4 29. Kg2 e5 30. Qd1 Bf4 31. gxf4 Kxf7 32. fxe5+ Ke7 33. Kg1 1/2-1/2

[Event "Tatarstan-ch op"]
[Site "Kazan"]
[Date "2012.09.05"]
[Round "3"]
[White "Shuvatkin, Vladimir N"]
[Black "Glukhov, Alexander"]
[Result "1/2-1/2"]
[WhiteElo "2243"]
[BlackElo "2150"]
[PlyCount "99"]
[EventDate "2012.09.03"]
[EventType "swiss"]
[EventRounds "9"]
[EventCountry "RUS"]
[SourceTitle "CBM 150 Extra"]
[Source "ChessBase"]
[SourceDate "2012.10.19"]
[SourceVersion "1"]
[SourceVersionDate "2012.10.19"]
[SourceQuality "1"]

1. d4 Nf6 2. c4 c5 3. Nf3 cxd4 4. Nxd4 g6 5. Nc3 Bg7 6. g3 0-0 7. Bg2 Nc6 8. 0-0 Nxd4 9. Qxd4 Qa5 10. Qd2 Qh5 11. Qg5 Qxg5 12. Bxg5 h6 13. Bxf6 Bxf6 14. Nd5 Kg7 15. Nxf6 Kxf6 16. c5 Rb8 17. Rac1 b6 18. c6 dxc6 19. Rxc6+ Be6 20. Bh3 Rfd8 21. Bxe6 fxe6 22. Rfc1 Rd2 23. R1c2 Rbd8 24. Kg2 g5 25. Kf3 h5 26. h3 R8d5 27. b3 a5 28. Rxd2 Rxd2 29. Rxb6 Rxa2 30. b4 axb4 31. Rxb4 Ra3+ 32. e3 Ra2 33. Rb5 Ra4 34. Rb8 Ra2 35. Rg8 Rb2 36. Kg2 Rb4 37. Rh8 Kg6 38. Rd8 Kf6 39. Kf3 Ra4 40. Rd4 Ra2 41. Rb4 Rc2 42. Kg2 Rc5 43. h4 g4 44. Rf4+ Kg7 45. f3 Rc2+ 46. Kf1 gxf3 47. Rxf3 Ra2 48. Rf2 Ra3 49. Ke2 Ra4 50. Kf3 1/2-1/2

[Event "Tatarstan-ch"]
[Site "Kazan"]
[Date "2011.12.18"]
[Round "6.7"]
[White "Shuvatkin, Vladimir N"]
[Black "Faizrakhmanov, Ramil"]
[Result "1-0"]
[WhiteElo "2235"]
[BlackElo "2171"]
[PlyCount "81"]
[EventDate "2011.12.13"]
[EventType "swiss"]
[EventRounds "9"]
[EventCountry "RUS"]
[SourceTitle "EXT 2022"]
[Source "ChessBase"]
[SourceDate "2021.10.06"]
[SourceVersion "1"]
[SourceVersionDate "2021.10.06"]
[SourceQuality "1"]

1. d4 Nf6 2. c4 e6 3. Nc3 Bb4 4. Qc2 0-0 5. Nf3 d5 6. cxd5 exd5 7. Bg5 h6 8. Bh4 g5 9. Bg3 Ne4 10. e3 c5 11. Bd3 Bf5 12. 0-0 Bxc3 13. bxc3 c4 14. Bxe4 Bxe4 15. Qb2 Qb6 16. Qa3 Qe6 17. Nd2 Bd3 18. Rfe1 Nc6 19. f3 f5 20. Rad1 Rad8 21. Nb3 cxb3 22. Rxd3 bxa2 23. Qxa2 Rfe8 24. Rd2 Qf7 25. Rde2 Rd7 26. Qb1 Rde7 27. Qb5 a6 28. Qc5 Kh7 29. Bd6 Re6 30. c4 Nxd4 31. Rb2 dxc4 32. Qxd4 c3 33. Rb6 c2 34. Ba3 Rxb6 35. Qxb6 Rc8 36. Bb2 Rc6 37. Qd4 Rc4 38. Qd3 Qe6 39. Kf2 Qc8 40. g4 Kg6 41. Qd6+ 1-0

[Event "Tatarstan-ch"]
[Site "Kazan"]
[Date "2011.12.15"]
[Round "3.1"]
[White "Kharlov, Andrei"]
[Black "Shuvatkin, Vladimir N"]
[Result "1-0"]
[WhiteElo "2522"]
[BlackElo "2235"]
[PlyCount "71"]
[EventDate "2011.12.13"]
[EventType "swiss"]
[EventRounds "9"]
[EventCountry "RUS"]
[SourceTitle "EXT 2022"]
[Source "ChessBase"]
[SourceDate "2021.10.06"]
[SourceVersion "1"]
[SourceVersionDate "2021.10.06"]
[SourceQuality "1"]

1. d4 Nf6 2. c4 e6 3. Nc3 d5 4. cxd5 exd5 5. Bg5 Nbd7 6. e3 Be7 7. Bd3 0-0 8. Nf3 c6 9. Qc2 Re8 10. 0-0 Nf8 11. Rae1 Nh5 12. Bxe7 Qxe7 13. a3 Nf6 14. Ne5 Ng4 15. f4 f6 16. Nxg4 Bxg4 17. f5 Bh5 18. g4 Bf7 19. Qg2 h6 20. h4 Nh7 21. Rf3 c5 22. Ref1 c4 23. Bc2 a6 24. Rg3 Red8 25. Ne2 b5 26. Nf4 b4 27. axb4 Rab8 28. Nh3 Rxb4 29. g5 hxg5 30. hxg5 Nxg5 31. Nxg5 fxg5 32. f6 gxf6 33. Qh2 Be6 34. Qh6 Rf8 35. Rxg5+ fxg5 36. Rxf8+ 1-0

[Event "Tatarstan-ch"]
[Site "Kazan"]
[Date "2011.12.13"]
[Round "1.12"]
[White "Bakunina, Albina"]
[Black "Shuvatkin, Vladimir N"]
[Result "0-1"]
[WhiteElo "1921"]
[BlackElo "2235"]
[PlyCount "80"]
[EventDate "2011.12.13"]
[EventType "swiss"]
[EventRounds "9"]
[EventCountry "RUS"]
[SourceTitle "EXT 2022"]
[Source "ChessBase"]
[SourceDate "2021.10.06"]
[SourceVersion "1"]
[SourceVersionDate "2021.10.06"]
[SourceQuality "1"]

1. d4 Nf6 2. c4 g6 3. Nc3 d5 4. cxd5 Nxd5 5. e4 Nxc3 6. bxc3 Bg7 7. Bc4 c5 8. Ne2 cxd4 9. cxd4 Nc6 10. Be3 0-0 11. 0-0 Bg4 12. f3 Na5 13. Rc1 Nxc4 14. Rxc4 Bd7 15. Qb3 a6 16. Nc3 Rc8 17. Rxc8 Bxc8 18. Rd1 b5 19. Qb4 Bd7 20. Rc1 e6 21. d5 exd5 22. Nxd5 Be6 23. Rd1 Bxd5 24. Rxd5 Qc7 25. Qa3 Qb7 26. Qd3 h5 27. Bc5 Rc8 28. Rd8+ Kh7 29. Rxc8 Qxc8 30. Qd5 Qc7 31. g3 a5 32. f4 Kg8 33. e5 Qc8 34. Bb6 Qc1+ 35. Kg2 Qc2+ 36. Kg1 a4 37. e6 fxe6 38. Qxe6+ Kh7 39. Qd7 b4 40. Ba5 Qc5+ 0-1

[Event "Privolzhskogo FO-ch"]
[Site "Togliatti"]
[Date "2011.03.17"]
[Round "8"]
[White "Zuykov, Andrei"]
[Black "Shuvatkin, Vladimir N"]
[Result "0-1"]
[WhiteElo "2270"]
[BlackElo "2220"]
[PlyCount "128"]
[EventDate "2011.03.10"]
[EventType "swiss"]
[EventRounds "9"]
[EventCountry "RUS"]
[SourceTitle "CBM 141 Extra"]
[Source "ChessBase"]
[SourceDate "2011.05.03"]
[SourceVersion "1"]
[SourceVersionDate "2011.05.03"]
[SourceQuality "1"]

1. e4 e6 2. d4 d5 3. Nd2 Nf6 4. e5 Nfd7 5. Bd3 c5 6. c3 Nc6 7. Ne2 Qb6 8. Nf3 cxd4 9. cxd4 f6 10. exf6 Nxf6 11. 0-0 Bd6 12. Nc3 0-0 13. Re1 Bd7 14. Rb1 Rae8 15. Be3 Nb4 16. Ne5 Nxd3 17. Qxd3 Qc7 18. Rbc1 Bc6 19. f3 a6 20. Bf2 Nh5 21. g3 Nf6 22. Rc2 Nd7 23. f4 Nxe5 24. dxe5 Bb4 25. Bd4 Rc8 26. Qe3 Qf7 27. Rf2 Qf5 28. Qf3 Bb5 29. g4 Qd3 30. Qxd3 Bxd3 31. Re3 Bxc3 32. bxc3 Be4 33. h4 h5 34. g5 Rc4 35. Ree2 Kf7 36. Kh2 Kg6 37. Kg3 Rfc8 38. Re3 Ra4 39. Rb2 b5 40. Kf2 Kf5 41. Rg3 Kg6 42. Re3 Rcc4 43. Kg3 Ra3 44. Kf2 Kf5 45. g6 Kxg6 46. Rg3+ Kf7 47. f5 Bxf5 48. Rf3 Rca4 49. Ke3 Rxa2 50. Rff2 Rxb2 51. Rxb2 Ke8 52. Kf4 Kd7 53. Kg5 g6 54. Kf4 Kc6 55. Ke3 Ra1 56. Kf3 a5 57. Kf2 a4 58. Kg2 Rc1 59. Kf3 Rc2 60. Rxc2 Bxc2 61. Ke3 a3 62. Kd2 Be4 63. Kc1 b4 64. cxb4 Kb5 0-1

[Event "Privolzhskogo FO-ch"]
[Site "Togliatti"]
[Date "2011.03.11"]
[Round "2"]
[White "Shuvatkin, Vladimir N"]
[Black "Yandemirov, Valeri"]
[Result "1/2-1/2"]
[WhiteElo "2220"]
[BlackElo "2383"]
[PlyCount "44"]
[EventDate "2011.03.10"]
[EventType "swiss"]
[EventRounds "9"]
[EventCountry "RUS"]
[SourceTitle "CBM 141 Extra"]
[Source "ChessBase"]
[SourceDate "2011.05.03"]
[SourceVersion "1"]
[SourceVersionDate "2011.05.03"]
[SourceQuality "1"]

1. d4 Nf6 2. Nf3 g6 3. g3 Bg7 4. Bg2 0-0 5. 0-0 d5 6. c4 c6 7. Nc3 Ne4 8. Qb3 Nxc3 9. bxc3 dxc4 10. Qxc4 Nd7 11. Ba3 Nb6 12. Qd3 Re8 13. Rfd1 Be6 14. Nd2 Qd7 15. Qc2 Bg4 16. Re1 Rac8 17. Rac1 e5 18. e3 Bf5 19. Qb3 Be6 20. Qc2 Bf5 21. Qb3 Be6 22. Qc2 Bf5 1/2-1/2